| 000 -LEADER |
| fixed length control field |
01159nam a22002657a 4500 |
| 005 - DATE AND TIME OF LATEST TRANSACTION |
| control field |
20260416161126.0 |
| 008 - FIXED-LENGTH DATA ELEMENTS--GENERAL INFORMATION |
| fixed length control field |
260416b xxu||||| |||| 00| 0 eng d |
| 040 ## - CATALOGING SOURCE |
| Transcribing agency |
Cagayan State University. |
| 082 ## - DEWEY DECIMAL CLASSIFICATION NUMBER |
| Classification number |
791.4372 |
| Item number |
L44 2019 |
| 245 ## - TITLE STATEMENT |
| Title |
The climbers / |
| Remainder of title |
directed by daniel lee ; written by Alik Sakharov, Jingzhi Zou, and Ai Wu. |
| 260 ## - PUBLICATION, DISTRIBUTION, ETC. (IMPRINT) |
| Place of publication, distribution, etc |
Beijing, China. |
| Date of publication, distribution, etc |
2019. |
| 300 ## - PHYSICAL DESCRIPTION |
| Extent |
1 videofile (ca. 125 minutes.): |
| Other physical details |
sound, color. |
| 520 ## - SUMMARY, ETC. |
| Summary, etc |
The Climbers (2019) is about a Chinese mountaineering team that attempts to climb Mount Everest again in 1975 to prove their earlier 1960 summit, which lacked official evidence. Facing extreme dangers, they risk their lives to achieve recognition and national pride. |
| 521 ## - TARGET AUDIENCE NOTE |
| Target audience note |
General audience, especially viewers interested in history, adventure, and survival stories |
| 546 ## - LANGUAGE NOTE |
| Language note |
In english subtitle. |
| 650 ## - SUBJECT ADDED ENTRY--TOPICAL TERM |
| Topical term or geographic name as entry element |
historical- drama |
| 655 ## - INDEX TERM--GENRE/FORM |
| Genre/form data or focus term |
drama |
| 655 ## - INDEX TERM--GENRE/FORM |
| Genre/form data or focus term |
historical |
| 655 ## - INDEX TERM--GENRE/FORM |
| Genre/form data or focus term |
adventure |
| 700 ## - ADDED ENTRY--PERSONAL NAME |
| Personal name |
Lee, Daniel, director. |
| 700 ## - ADDED ENTRY--PERSONAL NAME |
| Personal name |
Sakharov, Alik, Zou Jingzhi, and Wu, Ai, writer. |
| 700 ## - ADDED ENTRY--PERSONAL NAME |
| Personal name |
Jing, Wu, actor. |
| 700 ## - ADDED ENTRY--PERSONAL NAME |
| Personal name |
Ziyi, Zhang, actor. |
| 942 ## - ADDED ENTRY ELEMENTS (KOHA) |
| Source of classification or shelving scheme |
|
| Item type |
Audio-Visual Materials |